Albums by the Pixies - Statistics

General Stats
  • This quiz has been taken 87 times
    69 since last reset
  • The average score is 6 of 9
Answer Stats
Year Hint Album % Correct
1989 Classic sophomore album Doolittle
93%
1988 Debut LP produced by Steve Albini Surfer Rosa
92%
1990 Melodic surf/space rock album Bossanova
77%
1991 Rocking "swansong" Trompe le Monde
70%
1987 8-song "mini-LP" Come On Pilgrim
62%
2014 "Comeback" LP (10 years after reunion) Indie Cindy
56%
2016 First album featuring Paz as bassist Head Carrier
43%
2022 8th LP: Released Sept. 30 Doggerel
38%
2019 Recorded in church; It's a Pixies Podcast Beneath the Eyrie
34%
No matching quizzes found
Score Distribution
Percent of People with Each Score
Percentile by Number Answered
Your Score History
You have not taken this quiz since the last reset